Фольклор ямальских ненцев (Запись № 11201286)

Подробности
000 -МАРКЕР
контрольное поле 01973nam0a2200337 4500
001 - ИДЕНТИФИКАТОР ЗАПИСИ
контрольное поле RU\NLR\BIBL_A\011960490
005 - ИДЕНТИФИКАТОР ВЕРСИИ
контрольное поле 20190405134434.0
010 ## - МЕЖДУНАРОДНЫЙ СТАНДАРТНЫЙ НОМЕР КНИГИ (ISBN)
Номер (ISBN) 978-5-89566-192-5
Тираж 500
021 ## - НОМЕР ГОСУДАРСТВЕННОЙ РЕГИСТРАЦИИ
Код страны Российская Федерация
Номер КН-П-19-009604
Номер Листа государственной регистраци КН-П-19-0715
035 ## - ДРУГИЕ СИСТЕМНЫЕ НОМЕРА
Идентификатор записи (NLR Aleph) 011960490
035 ## - ДРУГИЕ СИСТЕМНЫЕ НОМЕРА
Идентификатор записи (RuMoRGB)009895013
100 ## - ДАННЫЕ ОБЩЕЙ ОБРАБОТКИ
Данные общей обработки 20190314d2018 u y0rusy50 ca
101 1# - ЯЗЫК РЕСУРСА
Язык текста, звукозаписи и т.д. русский
Язык оригинала смешанные (другие) языки
102 ## - СТРАНА ПУБЛИКАЦИИ ИЛИ ПРОИЗВОДСТВА
Страна публикации Российская Федерация
105 ## - ПОЛЕ КОДИРОВАННЫХ ДАННЫХ: ТЕКСТОВЫЕ МАТЕРИАЛЫ, МОНОГРАФИЧЕСКИЕ
Кодированные данные о монографическом текстовом документе y z 000zy
200 1# - ЗАГЛАВИЕ И СВЕДЕНИЯ ОБ ОТВЕТСТВЕННОСТИ
Основное заглавие Фольклор ямальских ненцев
Первые сведения об ответственности Департамент по науке и инновациям ЯНАО, ГКУ "Научный центр изучения Арктики", Российская академия наук, Сибирское отделение, Институт филологии
Последующие сведения об ответственности [составитель: Н. М. Янгасова
-- ответственный редактор: доктор филологических наук Н. Б. Кошкарёва
-- перевод с ненецкого языка на русский, редактирование ненецких текстов: Н. М. Янгасова]
210 ## - ПУБЛИКАЦИЯ, РАСПРОСТРАНЕНИЕ И ДР.
Место издания, распространения и т.д. Санкт-Петербург
Имя издателя, распространителя и т. д. Историческая иллюстрация
Дата издания, распространения и т.д. 2018
215 ## - ФИЗИЧЕСКАЯ ХАРАКТЕРИСТИКА
Специфическое обозначение материала и объем 223 с.
Размеры 24
606 1# - НАИМЕНОВАНИЕ ТЕМЫ КАК ПРЕДМЕТ
Наименование темы Ненецкий фольклор
Географический подзаголовок Ямало-Ненецкий автономный округ
Код системы nlr_sh2
Идентификатор авторитетной/нормативной записи RU\NLR\AUTH\6601653077
686 1# - ИНДЕКСЫ ДРУГИХ КЛАССИФИКАЦИЙ
Индекс Ш3(251.1=Нен)-699.0
702 #1 - ИМЯ ЛИЦА - ВТОРИЧНАЯ ОТВЕТСТВЕННОСТЬ
Начальный элемент ввода Янгасова
Часть имени, кроме начального элемента ввода Н. М.
Расширение инициалов личного имени Нейко Максимовна
Код отношения Составитель
-- Редактор
-- Переводчик
702 #1 - ИМЯ ЛИЦА - ВТОРИЧНАЯ ОТВЕТСТВЕННОСТЬ
Начальный элемент ввода Кошкарева
Часть имени, кроме начального элемента ввода Н. Б.
Расширение инициалов личного имени Наталья Борисовна
Идентификатор авторитетной/нормативной записи RU\NLR\AUTH\7757156
Код отношения Редактор
712 02 - НАИМЕНОВАНИЕ ОРГАНИЗАЦИИ - ВТОРИЧНАЯ ОТВЕТСТВЕННОСТЬ
Начальный элемент ввода Научный центр изучения Арктики
Идентифицирующий признак Салехард
Идентификатор авторитетной/нормативной записи RU\NLR\AUTH\8810241996
Код отношения Прочие
942 ## - ДОПОЛНИТЕЛЬНЫЕ ЭЛЕМЕНТЫ ЗАПИСИ (АБИС)
Тип экземпляра АБИС Книга
980 ## - КОЛЛЕКЦИЯ
Название коллекции НБР
980 ## - КОЛЛЕКЦИЯ
Название коллекции Национальная библиография

Нет доступных экземпляров.